000
00328nam a2200145Ia 4500
005
20251222153616.0
008
251222s9999||||xx |||||||||||||| ||spa||
020
_a
8882271684
082
_a
274.05/B69
100
_a
Bianchi, Enzo
245
0
_a
La Parrocchia
250
_a
1ra.ed.
264
_b
Edizioni Qiqajon
942
_c
LIB
999
_c
31808
_d
31808